000 00285nam a2200121Ia 4500
008 191201s2015 xx 000 0 und d
100 _aSHARMA,Gajendra
245 0 _aDesign and Analysis of Algorithms
260 _bKhanna Pub
_c2015
300 _a656
650 _aMCA
942 _2ddc
_cBK
999 _c7158
_d7158